000 00473nam a2200193Ia 4500
003 GCL
008 140319s9999 xx 000 0 eng d
040 _aGCL /
_cGCL
082 0 4 _aCH
_b823.087
_bD T
100 1 _aDICKENS, CHARLES
245 1 0 _aA TALE OF TWO CITIES /
_cDICKENS, CHARLES
260 _a[S.N] :
_bLADYBURD BOOKS
300 _a50 P P
650 0 4 _aLITERATURE
650 0 4 _aCHILDREN
650 0 4 _aTALES
650 0 4 _aCHILDREN - STORIES
942 _2ddc
_cBK
999 _c17834
_d17834